Derechos fundamentales de la persona y relacin̤ de trabajo

Detalles Bibliográficos
Autor principal: Blancas Bustamante, Carlos
Formato: eBook
Lenguaje:español
Publicado: Lima : Pontificia Universidad Catolica del Peru, 2007
Materias:
Acceso en línea:Acceso restringido

MARC

LEADER 00000nam a22000007a 4500
005 2012072503033.0
007 cr|||| ||||
008 120725s2007 pe |||||s|||| 00||0 spa d
020 |a 978-9972-42-809-8 
035 |a 6564 
040 |a vLex 
090 |c 3316  |d 3316 
100 1 |a Blancas Bustamante, Carlos 
245 1 0 |a Derechos fundamentales de la persona y relacin̤ de trabajo  |h [Recurso electrn̤ico] /  |c Carlos Blancas Bustamante 
256 |a Servicio en ln̕ea 
260 |a Lima :  |b Pontificia Universidad Catolica del Peru,  |c 2007 
300 |a 1 recurso electrn̤ico 
506 1 |a Contenido solo disponible en los productos indicados  |d vLex Global   |d vLex Global (Academic Edition, excluding Law Schools)   |d vLex Global (U.S. Academic Edition, Law Schools)   |d vLex Global (U.S. Academic Edition, excluding Law Schools)   |d vLex Global (Academic Edition, Law Schools)  
650 0 4 |a Derechos civiles  |z Per︢ 
740 0 |a vLex Libros (Servicio en ln̕ea) 
856 4 0 |u http://vlex.com/source/derechos-fundamentales-persona-relacion-trabajo-6564  |z Acceso restringido 
942 |c BOOK 
999 0 |a Civil rights